000 00462nam a22001577a 4500
003 macl
005 20190925162353.0
008 190925b xxu||||| |||| 00| 0 eng d
040 _cmacl
082 _a891.431/VAS/P
100 _aवाजपेयी,कैलाश
_973505
245 _aहंस अकेला
260 _aदिल्‍ली
_bभारतीय ज्ञानपीठ
_c2017
650 _aकविता
_976807
942 _2ddc
_cHIN
999 _c61107
_d61107